| 000 | 00000nam##2200000za#4500 |
| 001 | 9.652819 |
| 003 | CaOODSP |
| 005 | 20220125145841 |
| 007 | ta |
| 008 | 150407|2014||||xxc||||| f|0| 0 eng|d |
| 020 | |a978-1-100-25171-4 |
| 040 | |aCaOODSP|beng |
| 043 | |an-cn--- |
| 086 | 1 |aD2-337/1-2014E |
| 110 | 1 |aCanada. |bDepartment of National Defence. |
| 245 | 10|a"By, with, through" : |ba SOF global engagement strategy / |cedited by: Emily Spencer. Produced for the Canadian Defence Academy Press by 17 Wing Winnipeg Publishing Office. |
| 260 | |aKingston - Ontario : |bNational Defence |cc2014. |
| 300 | |avi, 220p. : |bfigs., glossary, references, tables, index ; |c23 cm. |
| 563 | |aSoftcover |
| 590 | |a15-13|b2015-03-27 |